Európske financie - teória, politika, prax zborník z medzinárodného vedeckého seminára
Salvato in:
| Ente Autore: | |
|---|---|
| Altri autori: | , |
| Natura: | Libro |
| Lingua: | slovacco ceco inglese |
| Pubblicazione: |
Banská Bystrica
Univerzita Mateja Bela, Ekonomická fakulta v Banskej Bystrici
2006
|
| Soggetti: | |
| Tags: |
Nessun Tag, puoi essere il primo ad aggiungerne!!
|
MARC
| LEADER | 00000nlm$a2200000$$$4500 | ||
|---|---|---|---|
| 001 | 0058663 | ||
| 005 | 20240104135008.9 | ||
| 020 | |a 80-8083-335-4 | ||
| 041 | 0 | |a slo | |
| 041 | 0 | |a cze | |
| 041 | 0 | |a eng | |
| 044 | |a SK | ||
| 245 | 1 | 0 | |a Európske financie - teória, politika, prax |b zborník z medzinárodného vedeckého seminára |c zostavovateľ: Viktória Vargová, Ľuboš Elexa |
| 264 | 1 | |a Banská Bystrica |b Univerzita Mateja Bela, Ekonomická fakulta v Banskej Bystrici |c 2006 | |
| 300 | |a CD-ROM | ||
| 610 | 2 | 0 | |a financie |
| 610 | 2 | 0 | |a financie medzinárodné |
| 610 | 2 | 0 | |a trh finančný |
| 610 | 2 | 0 | |a financie verejné |
| 610 | 2 | 0 | |a financovanie |
| 610 | 2 | 0 | |a Európa |
| 610 | 2 | 0 | |a Slovensko |
| 610 | 2 | 0 | |a Česko |
| 700 | 1 | |a Vargová, Viktória | |
| 700 | 1 | |a Elexa, Ľuboš | |
| 110 | 2 | |a Európske financie - teória, politika, prax. Medzinárodný vedecký seminár | |